000 00631nam a2200205Ia 4500
003 GCL
008 140319s9999 xx 000 0 ara d
040 _aGCL /
_cGCL
082 0 4 _a811.008
_bا د
100 1 _aاحمد الوائلى
245 1 0 _aالديوان الثانى من شعر الشيخ احمد الوايلى /
_cاحمد الوائلى
260 _a[S.N] :
_bدار الكتاب الاسلامى
300 _a128 ص
490 _a
650 0 4 _aالشعر العربى
650 0 4 _aالادب العربى
650 0 4 _aالعصر الحديث
650 0 4 _aدواوين وقصائد
942 _2ddc
_cBK
999 _c35400
_d35400